ESSENTIALS OF MICROBIOLOGY (Record no. 18791)

MARC details
000 -LEADER
fixed length control field 00351nam a22001577a 4500
003 - CONTROL NUMBER IDENTIFIER
control field SGT
020 ## - INTERNATIONAL STANDARD BOOK NUMBER
International Standard Book Number 978-93-5152-380-2
082 ## - DEWEY DECIMAL CLASSIFICATION NUMBER
Classification number 616.01
Item number E16K
100 ## - MAIN ENTRY--PERSONAL NAME
Personal name KUMAR SURINDER
245 ## - TITLE STATEMENT
Title ESSENTIALS OF MICROBIOLOGY
250 ## - EDITION STATEMENT
Edition statement 1ST
260 ## - PUBLICATION, DISTRIBUTION, ETC. (IMPRINT)
Place of publication, distribution, etc INDIA
Name of publisher, distributor, etc JAYPEE PUB
Year of Publication 2016
300 ## - PAGE DESCRIPTION
No. of Pages 627
650 ## - SUBJECT ADDED ENTRY--TOPICAL TERM
Topical term or geographic name as entry element MICROBIOLOGY
942 ## - ADDED ENTRY ELEMENTS (KOHA)
Source of classification or shelving scheme Dewey Decimal Classification
Koha item type Books
942 ## - ADDED ENTRY ELEMENTS (KOHA)
-- 35
Holdings
Withdrawn status Lost status Source of classification or shelving scheme Damaged status Not for loan Collection code Home library Current library Shelving location Date acquired SGTU Total Checkouts Total Renewals Full call number Accession No. (Barcode) Date last seen Date last borrowed Bill Date Koha item type
    Dewey Decimal Classification     MEDICAL SGT Medical Library SGT Medical Library Text Book 06/08/2019 SGTU 51 1 616.01 E16K FM11829 23/04/2026 17/04/2026 03/07/2019 Books